Current Medical Diagnosis and Treatment 2012, 51 e/d (Record no. 321378)

000 -LEADER
fixed length control field 00369 a2200133 4500
001 - CONTROL NUMBER
control field 86305
082 ## - DEWEY DECIMAL CLASSIFICATION NUMBER
Classification number 616.075 STE
090 ## - LOCALLY ASSIGNED LC-TYPE CALL NUMBER (OCLC); LOCAL CALL NUMBER (RLIN)
-- 40570
-- 40570
100 ## - MAIN ENTRY--PERSONAL NAME
Personal name Stephen J McPhee; Maxine A Papadakis
245 ## - TITLE STATEMENT
Title Current Medical Diagnosis and Treatment 2012, 51 e/d
Remainder of title lange medical book
250 ## - EDITION STATEMENT
Edition statement 51
260 ## - PUBLICATION, DISTRIBUTION, ETC.
Place of publication, distribution, etc. USA
Name of publisher, distributor, etc. McGraw Hill
Date of publication, distribution, etc. 2012
300 ## - PHYSICAL DESCRIPTION
Extent xvii, 1867 p.
942 ## - ADDED ENTRY ELEMENTS (KOHA)
Institution code [OBSOLETE] NUST-CAE
Call number prefix 616.075 STE
Holdings
Withdrawn status Lost status Damaged status Not for loan Collection code Permanent Location Current Location Date acquired Total Checkouts Full call number Barcode Date last seen Price effective from Koha item type
          College of Aeronautical Engineering (CAE) College of Aeronautical Engineering (CAE) 04/03/2017   616.075 STE CAE85277 04/05/2017 04/05/2017 Book
© 2023 Central Library, National University of Sciences and Technology. All Rights Reserved.